Rimas / (Record no. 43861)

MARC details
000 -LEADER
campo de control de longitud fija 00744nam a2200217 i 4500
001 - NÚMERO DE CONTROL
campo de control 43861
003 - IDENTIFICADOR DE NÚMERO DE CONTROL
campo de control ES-MaACL
005 - FECHA Y HORA DE LA ÚLTIMA TRANSACCIÓN
campo de control 20250522202951.0
007 - CAMPO FIJO DE DESCRIPCIÓN FÍSICA--INFORMACIÓN GENERAL
campo de control de longitud fija t|
008 - DATOS DE LONGITUD FIJA--INFORMACIÓN GENERAL
campo de control de longitud fija 030318s1976 sp ||||1| spa d
100 1# - ENTRADA PRINCIPAL--NOMBRE DE PERSONA
Nombre de persona Cavalcanti, Guido.
9 (RLIN) 37142
245 10 - MENCIÓN DEL TÍTULO
Título Rimas /
Mención de responsabilidad, etc. Guido Cavalcanti ; edición bilingüe, traducción y prólogo de Juan Ramón Masoliver.
250 ## - MENCION DE EDICION
Mención de edición [1ª ed.].
260 ## - PUBLICACIÓN, DISTRIBUCIÓN, ETC.
Lugar de publicación, distribución, etc. Barcelona, etc. :
Nombre del editor, distribuidor, etc. Seix Barral,
Fecha de publicación, distribución, etc. [1976]
300 ## - DESCRIPCIÓN FÍSICA
Extensión XLIX, 145 p. ;
Dimensiones 20 cm.
490 1# - MENCIÓN DE SERIE
Mención de serie Biblioteca breve de bolsillo. Serie Mayor ;
Designación de volumen o secuencia 34
700 1# - ENTRADA AGREGADA--NOMBRE PERSONAL
Nombre de persona Masoliver, Juan Ramón,
Fechas asociadas al nombre 1910-1997
9 (RLIN) 78748
830 0# - PUNTO DE ACCESO ADICIONAL DE SERIE-TÍTULO UNIFORME
Título uniforme Biblioteca breve de bolsillo. Serie Mayor ;
Designación de volumen o secuencia 34
9 (RLIN) 181997
852 ## - LOCALIZACIÓN
Ubicación ES-MaACL
Número de control de estantería L-6827
Sublocalización o colección R.107654
Holdings
Estatus retirado Estado de pérdida Estado de daño No para préstamo Biblioteca de origen Biblioteca actual Ubicación en estantería Fecha de adquisición Fuente de adquisición Total de préstamos Signatura topográfica completa Código de barras Visto por última vez Precio de reemplazo Tipo de ítem Koha
        Biblioteca del Ateneo de Madrid Biblioteca del Ateneo de Madrid Depósito 2 17/01/2008     L-6827 1046169 23/02/2023 23/02/2023 Libro impreso